| 000 | 01118pam a2200277 a 4500 | ||
|---|---|---|---|
| 999 |
_c130550 _d130550 |
||
| 001 | 2859573 | ||
| 003 | ARRUPE | ||
| 005 | 20201028104203.0 | ||
| 008 | 850520t19851983nyua 000 0 eng | ||
| 010 | _a 85011827 | ||
| 020 |
_a0385232349 (pbk.) : _c$7.95 |
||
| 040 |
_aDLC _cDLC _dDLC |
||
| 050 | 0 | 0 |
_aBX2170.C56 _bM48 1985 |
| 082 | 0 | 0 |
_a242/.2 _219 |
| 100 | 1 |
_aMerton, Thomas, _d1915-1968. _97952 |
|
| 240 | 1 | 0 | _aBlaze of recognition |
| 245 | 1 | 0 |
_aThrough the year with Thomas Merton : _bdaily meditations from his writings / _cselected and edited by Thomas P. McDonnell ; with illustrations by Thomas Merton. |
| 260 |
_aGarden City, N.Y. : _bImage Books, _c1985, c1983. |
||
| 300 |
_aviii, 226 p. : _bill. ; _c21 cm. |
||
| 500 | _a"Originally published under the complete title: Blaze of recognition, through the year with Thomas Merton, daily meditations." | ||
| 610 | 2 | 0 |
_aCatholic Church _vPrayers and devotions. _950012 |
| 650 | 0 |
_aDevotional calendars _xCatholic Church. _915795 |
|
| 700 | 1 |
_aMcDonnell, Thomas P. _928050 |
|
| 906 |
_a7 _bcbc _corignew _d1 _eocip _f19 _gy-gencatlg |
||
| 942 |
_2lcc _cMONOGRAPH |
||